000 00509nam a2200181 4500
003 SEACOMEC
005 20240222123852.0
008 240222b |||||||| |||| 00| 0 eng d
020 _cRs.395.00
040 _aSEACOMEC
082 _a547.7
_bG427
100 _aGhosh,Premamoy
245 1 _aPolymer science and technology:plastics,rubbers blends andcomposits
_cPremamoy Ghosh
250 _a2nd ed.
260 _aNw Delhi
_bTata McGraw Hill
_c2006
650 _aNatural sciences,Organic chemistry
942 _cBOOK
999 _c673
_d673